| 000 | 00727nam a2200205 a 4500 | ||
|---|---|---|---|
| 005 | 20240919064441.0 | ||
| 008 | 991125s1980 mx 000 0 spa u | ||
| 035 | _aUPN01000003044 | ||
| 049 | _aCG | ||
| 050 | 4 |
_aLB1029 O66 _bI5.3 |
|
| 110 | 2 | _aInstituto Politécnico Nacional (México) | |
| 245 | 1 | 0 |
_aAntecedentes, marco legal y política general del Sistema Abierto de Enseñanza en el Instituto Politécnico Nacional / _cInstituto Politécnico Nacional. |
| 260 |
_aMéxico : _bIPN, _c[1980?]. |
||
| 300 |
_a1 v. (en varias paginaciones) : _bil. |
||
| 500 | _aFotocopias encuadernadas | ||
| 610 | 2 | 4 | _aINSTITUTO POLITECNICO NACIONAL (MEXICO) |
| 650 | 4 |
_aEducación abierta _94855 |
|
| 905 | _aLibro | ||
| 999 |
_c3044 _d3044 |
||